Výhody zamestnávania osôb so zmenenou pracovnou schopnosťou
Charakteristika osoby so zmenenou pracovnou schopnosťou (ZPS). Zriadenie chránenej dielne alebo chráneného pracoviska pre osoby so ZPS. Výhody poskytované zamestnávateľom, ktorí zamestnávajú osoby so ZPS - daňové zvýhodnenie, zvýhodnenie pri platení poistného.
Na minha lista:
| Autor principal: | |
|---|---|
| Formato: | Capítulo de Livro |
| Idioma: | eslovaco |
| Assuntos: | |
| Tags: |
Sem tags, seja o primeiro a adicionar uma tag!
|
MARC
| LEADER | 00000naa a2200000 4500 | ||
|---|---|---|---|
| 001 | r025316 | ||
| 005 | 20230921080540.3 | ||
| 041 | 0 | |a slo | |
| 044 | |a SK | ||
| 245 | 1 | 0 | |a Výhody zamestnávania osôb so zmenenou pracovnou schopnosťou |c M. Měchura |
| 520 | |a Charakteristika osoby so zmenenou pracovnou schopnosťou (ZPS). Zriadenie chránenej dielne alebo chráneného pracoviska pre osoby so ZPS. Výhody poskytované zamestnávateľom, ktorí zamestnávajú osoby so ZPS - daňové zvýhodnenie, zvýhodnenie pri platení poistného. | ||
| 610 | 2 | 0 | |a osoby so zníženou pracovnou schopnosťou |
| 610 | 2 | 0 | |a zamestnanci |
| 610 | 2 | 0 | |a zamestnávatelia |
| 610 | 2 | 0 | |a zvýhodnenie daňové |
| 610 | 2 | 0 | |a poistné |
| 610 | 2 | 0 | |a legislatíva |
| 100 | 1 | |a Měchura, M. | |